| 000 | 01535cam a22003977a 4500 | ||
|---|---|---|---|
| 001 | 16522925 | ||
| 003 | OSt | ||
| 005 | 20150408114106.0 | ||
| 008 | 101028s2010 enka b 001 0 eng | ||
| 010 | _a 2010537066 | ||
| 015 |
_aGBA990791 _2bnb |
||
| 016 | 7 |
_a101529483 _2DNLM |
|
| 016 | 7 |
_a015371076 _2Uk |
|
| 020 | _a9780340968413 (pbk.) | ||
| 020 | _a0340968419 (pbk.) | ||
| 035 | _a(OCoLC)ocn437082715 | ||
| 040 |
_aNLM _cNLM _dUKM _dC#P _dYDXCP _dBWX _dBTCTA _dEUM _dDLC |
||
| 042 |
_anlmcopyc _alccopycat |
||
| 050 | 0 | 0 |
_aRJ251 _b.C37 2010 |
| 060 | 0 | 0 | _a2010 D-953 |
| 060 | 1 | 0 |
_aWY 157.3 _bC2707 2010 |
| 082 | 0 | 4 |
_a618.9201 _222 _bCAN |
| 245 | 0 | 0 |
_aCare of the newborn by ten teachers / _cedited by Hilary Lumsden, Debbie Holmes. |
| 260 |
_aLondon : _bHodder Arnold, _cc2010. |
||
| 300 |
_a197 p. : _bill. (chiefly col.) ; _c25 cm. |
||
| 504 | _aIncludes bibliographical references and index. | ||
| 520 | 8 | _a'Care of the Newborn by Ten Teachers' presents a detailed account of care of the normal neonate - including the minor health problems that midwives are expected to deal with on a daily basis - providing care and treatment strategies for the neonate and family. | |
| 650 | 0 |
_aNeonatology. _918725 |
|
| 650 | 0 |
_aNewborn infants _xCare. _918726 |
|
| 650 | 0 |
_aNewborn infants _xDiseases. _918307 |
|
| 700 | 1 |
_aLumsden, Hilary, _cRN. _918727 |
|
| 700 | 1 |
_aHolmes, Debbie. _918728 |
|
| 906 |
_a7 _bcbc _ccopycat _d2 _encip _f20 _gy-gencatlg |
||
| 942 |
_2ddc _cDVD |
||
| 999 |
_c26552 _d261052 |
||